Cenotvorba firmy a stanovenie cenových stratégií v konkurenčnom prostredí diplomová práca

Enregistré dans:
Détails bibliographiques
Auteur principal: Jakubec, Marek
Collectivité auteur: Fakulta podnikového manažmentu EU. Katedra podnikovohospodárska
Autres auteurs: Fendeková, Eleonora, 1952-
Format: Livre
Langue:slovaque
Publié: Bratislava 2018
Tags: Ajouter un tag
Pas de tags, Soyez le premier à ajouter un tag!

MARC

LEADER 00000nbm a2200000 4500
001 0244792
005 20181004111734.5
041 0 |a slo 
044 |a SK 
245 1 0 |a Cenotvorba firmy a stanovenie cenových stratégií v konkurenčnom prostredí  |b diplomová práca  |c Marek Jakubec ; školiteľ: Eleonora Fendeková 
264 1 |a Bratislava  |c 2018 
300 |a 70 s. 
100 1 |a Jakubec, Marek 
700 1 |a Fendeková, Eleonora, 1952- 
710 2 |a Fakulta podnikového manažmentu EU. Katedra podnikovohospodárska